[Event "Pinneberg-ch 37th"]
[Site "Pinneberg"]
[Date "2019.09.05"]
[Round "5"]
[White "Fluegge, Jan"]
[Black "Sachse, Theo"]
[Result "0-1"]
[WhiteElo "912"]
[BlackElo "1305"]
[PlyCount "44"]
[EventDate "2019.08.08"]
[EventType "swiss"]
[EventRounds "7"]
[EventCountry "GER"]
[SourceTitle "CBM 192 Extra"]
[Source "Chessbase"]
[SourceDate "2019.11.06"]
[SourceVersion "1"]
[SourceVersionDate "2019.11.06"]
[SourceQuality "1"]

1. e4 e5 2. Nf3 Nc6 3. d3 d6 4. Bg5 Be7 5. Qd2 h6 6. Be3 Nf6 7. h3 0-0 8. g4 Nh7 9. Nc3 Ng5 10. Nh4 Ne6 11. Rg1 Bxh4 12. Nd5 Ned4 13. g5 Nf3+ 14. Kd1 Nxd2 15. gxh6 Nxf1 16. Rxg7+ Kh8 17. Bxa7 Rxa7 18. Ke2 Nh2 19. Rag1 Nd4+ 20. Kd1 Ndf3 21. R1g2 Rxa2 22. Kc1 Ra1# 0-1

[Event "Pinneberg-ch"]
[Site "Pinneberg"]
[Date "2015.10.08"]
[Round "7"]
[White "Sausmikat, Michael"]
[Black "Sachse, Theo"]
[Result "1-0"]
[WhiteElo "1579"]
[BlackElo "1165"]
[PlyCount "61"]
[EventDate "2015.08.28"]
[EventType "swiss"]
[EventRounds "7"]
[EventCountry "GER"]
[SourceTitle "EXT 2017"]
[Source "ChessBase"]
[SourceDate "2016.10.25"]
[SourceVersion "1"]
[SourceVersionDate "2016.10.25"]
[SourceQuality "1"]

1. d4 d5 2. c4 dxc4 3. e3 Bf5 4. Bxc4 Nf6 5. Qb3 e6 6. Nc3 Qc8 7. Nf3 h6 8. 0-0 a6 9. a4 Nc6 10. a5 b6 11. Qa4 Qd7 12. axb6 cxb6 13. Bxa6 Nb4 14. Bb5 Rxa4 15. Bxd7+ Nxd7 16. Rxa4 Bd6 17. Nb5 Be7 18. Ra8+ Bd8 19. Nd6+ Ke7 20. Nxf5+ exf5 21. b3 Kf6 22. Ba3 Nd5 23. Bd6 Re8 24. Rc1 Ne7 25. Bxe7+ Kxe7 26. Rcc8 b5 27. Ra7 f6 28. Nh4 Ke6 29. Nxf5 Kxf5 30. Rxd7 Rxe3 31. fxe3 1-0

[Event "Pinneberg-ch"]
[Site "Pinneberg"]
[Date "2015.08.28"]
[Round "1"]
[White "Sachse, Theo"]
[Black "Nguyen, Duy Anh"]
[Result "0-1"]
[WhiteElo "1165"]
[BlackElo "1667"]
[PlyCount "96"]
[EventDate "2015.08.28"]
[EventType "swiss"]
[EventRounds "7"]
[EventCountry "GER"]
[SourceTitle "EXT 2017"]
[Source "ChessBase"]
[SourceDate "2016.10.25"]
[SourceVersion "1"]
[SourceVersionDate "2016.10.25"]
[SourceQuality "1"]

1. e4 c5 2. Bc4 d6 3. h3 Nf6 4. d3 g6 5. Nc3 Nc6 6. Nd5 e6 7. Nxf6+ Qxf6 8. Nf3 Bg7 9. Rb1 Ne5 10. Nxe5 Qxe5 11. Qf3 0-0 12. Bf4 Qf6 13. Bxd6 Qd4 14. Bxf8 Kxf8 15. 0-0 Rb8 16. a4 Kg8 17. Qf4 Be5 18. Qg5 a6 19. c3 Qd6 20. Qe3 b6 21. Rfd1 Bb7 22. d4 cxd4 23. cxd4 Bg7 24. Qd3 Rd8 25. e5 Qc6 26. f3 Bxe5 27. Bxa6 Bxd4+ 28. Kh1 Ba8 29. Bb5 Qd6 30. Qc4 e5 31. Rd2 Bd5 32. Qe2 Qf6 33. Rbd1 Qf4 34. Bc4 Ba8 35. Bd3 Bc6 36. b3 Rd6 37. Be4 Bd7 38. Qe1 Bc3 39. g3 Qh6 40. Qe2 Qxh3+ 41. Qh2 Rxd2 42. Qxh3 Rxd1+ 43. Kh2 Bxh3 44. Kxh3 f5 45. Bc2 Rd2 46. Bb1 Kf7 47. Kh4 Rh2+ 48. Kg5 Bd2+ 0-1

[Event "Pinneberg op Seniors 16th"]
[Site "Pinneberg"]
[Date "2015.07.31"]
[Round "5"]
[White "Sachse, Theo"]
[Black "Riedel, Siegfried"]
[Result "0-1"]
[WhiteElo "1167"]
[BlackElo "1495"]
[PlyCount "88"]
[EventDate "2015.07.02"]
[EventType "swiss"]
[EventRounds "7"]
[EventCountry "GER"]
[SourceTitle "EXT 2017"]
[Source "ChessBase"]
[SourceDate "2016.10.25"]
[SourceVersion "1"]
[SourceVersionDate "2016.10.25"]
[SourceQuality "1"]

1. e4 g6 2. Nf3 Bg7 3. Bc4 d6 4. h3 e6 5. d4 Nd7 6. c3 Ne7 7. Bf4 a6 8. Qe2 h6 9. e5 d5 10. Bd3 c5 11. dxc5 Nxc5 12. Bc2 Bd7 13. Nbd2 Rc8 14. Nb3 Bb5 15. Qe3 Na4 16. Rb1 Nc6 17. Nc5 Nxc5 18. Qxc5 Nxe5 19. Qe3 Nxf3+ 20. Qxf3 Qf6 21. a4 Bc6 22. 0-0 g5 23. Be3 Qxf3 24. gxf3 0-0 25. Rfd1 f5 26. f4 gxf4 27. Bxf4 e5 28. Be3 Rf6 29. Bc5 Bxa4 30. Bxa4 Rxc5 31. Bb3 Rd6 32. c4 d4 33. Bc2 e4 34. b4 Re5 35. Bb3 Rg6+ 36. Kf1 d3 37. c5+ Kf8 38. Rd2 Re7 39. Rc1 Rc7 40. Bc4 Be5 41. Rdd1 Rcg7 42. f3 Bf4 43. Rb1 Rg1+ 44. Kf2 R7g2# 0-1

[Event "Pinneberg op Seniors 16th"]
[Site "Pinneberg"]
[Date "2015.07.02"]
[Round "1"]
[White "Busse, Gerd"]
[Black "Sachse, Theo"]
[Result "1-0"]
[WhiteElo "1589"]
[BlackElo "1167"]
[PlyCount "98"]
[EventDate "2015.07.02"]
[EventType "swiss"]
[EventRounds "7"]
[EventCountry "GER"]
[SourceTitle "EXT 2017"]
[Source "ChessBase"]
[SourceDate "2016.10.25"]
[SourceVersion "1"]
[SourceVersionDate "2016.10.25"]
[SourceQuality "1"]

1. e4 e5 2. Nf3 Nc6 3. Bc4 Bc5 4. Nc3 Nf6 5. d3 Ng4 6. 0-0 d6 7. h3 Nf6 8. Bg5 h6 9. Bh4 g5 10. Bg3 g4 11. hxg4 Bxg4 12. Bh4 Rg8 13. Nd5 Rg6 14. Nxf6+ Rxf6 15. c3 Qe7 16. b4 Bb6 17. a4 a6 18. a5 Ba7 19. b5 axb5 20. Bxb5 Bd7 21. Nh2 h5 22. Qxh5 0-0-0 23. Bxc6 bxc6 24. Qg5 Re8 25. Qxf6 Qxf6 26. Bxf6 Rg8 27. Kh1 Rg6 28. Bh4 Rh6 29. Bg5 Rh5 30. Be3 c5 31. f4 Bb5 32. c4 Be8 33. a6 f5 34. exf5 Rxf5 35. fxe5 Rxe5 36. Rf3 Bg6 37. Bd2 Kd7 38. Rb1 Re2 39. Ba5 Ra2 40. Bxc7 Rxa6 41. Rg3 Kxc7 42. Rxg6 Kc6 43. Ng4 Ra3 44. Kh2 Kd7 45. Rb7+ Kc6 46. Rh7 Bb8 47. Ne5+ Kb6 48. Nd7+ Kc7 49. Nxb8+ Kxb8 1-0

[Event "Pinneberg op Seniors 15th"]
[Site "Pinneberg"]
[Date "2014.??.??"]
[Round "3"]
[White "Hecht, Horst"]
[Black "Sachse, Theo"]
[Result "1-0"]
[WhiteElo "1238"]
[BlackElo "1228"]
[PlyCount "56"]
[EventDate "2014.07.03"]
[EventType "swiss"]
[EventRounds "7"]
[EventCountry "GER"]
[SourceTitle "EXT 2017"]
[Source "ChessBase"]
[SourceDate "2016.10.25"]
[SourceVersion "1"]
[SourceVersionDate "2016.10.25"]
[SourceQuality "1"]

1. d4 d5 2. c4 dxc4 3. e4 b5 4. Nf3 Bb7 5. d5 Nf6 6. Nc3 a6 7. Be2 Nbd7 8. Bg5 h6 9. Bxf6 Nxf6 10. 0-0 Qd7 11. Ne5 Qd6 12. f4 Qc5+ 13. Kh1 Bc8 14. b3 cxb3 15. Qxb3 b4 16. d6 Be6 17. d7+ Nxd7 18. Qa4 bxc3 19. Rac1 f6 20. Bh5+ Kd8 21. Nf7+ Bxf7 22. Bxf7 g5 23. Rcd1 Qb5 24. Qd4 c5 25. Qd5 Ra7 26. Be6 Rc7 27. Qa8+ Qb8 28. Qxb8+ Rc8 1-0

[Event "Pinneberg-ch"]
[Site "Pinneberg"]
[Date "2014.??.??"]
[Round "6"]
[White "Sachse, Theo"]
[Black "Oelrichs, Manfred"]
[Result "0-1"]
[WhiteElo "1230"]
[BlackElo "1560"]
[PlyCount "72"]
[EventDate "2014.08.21"]
[EventType "swiss"]
[EventRounds "7"]
[EventCountry "GER"]
[SourceTitle "EXT 2017"]
[Source "ChessBase"]
[SourceDate "2016.10.25"]
[SourceVersion "1"]
[SourceVersionDate "2016.10.25"]
[SourceQuality "1"]

1. e4 c5 2. Bc4 Nc6 3. Nf3 d6 4. d3 Nf6 5. Be3 Na5 6. Bb5+ Bd7 7. Bxd7+ Qxd7 8. Qd2 Nc6 9. Nc3 a6 10. Bg5 e6 11. Bxf6 gxf6 12. d4 0-0-0 13. d5 Ne5 14. Qe2 Nxf3+ 15. Qxf3 Rg8 16. 0-0-0 Rg6 17. dxe6 fxe6 18. b3 b5 19. e5 d5 20. exf6 Qf7 21. Qh5 Bh6+ 22. Kb1 Qxf6 23. Rd3 Qh8 24. Qh3 Kb8 25. Re1 Re8 26. Rg3 Qg7 27. Rxg6 Qxg6 28. Qg3+ Qxg3 29. fxg3 Bd2 30. Rf1 Bxc3 31. Rf7 h6 32. g4 b4 33. h4 Rg8 34. Rh7 Rf8 35. a3 Rf1+ 36. Ka2 Ra1# 0-1

[Event "Pinneberg op Seniors 15th"]
[Site "Pinneberg"]
[Date "2014.??.??"]
[Round "4"]
[White "Sachse, Theo"]
[Black "Sagitow, Kamil"]
[Result "0-1"]
[WhiteElo "1228"]
[BlackElo "1380"]
[PlyCount "80"]
[EventDate "2014.07.03"]
[EventType "swiss"]
[EventRounds "7"]
[EventCountry "GER"]
[SourceTitle "EXT 2017"]
[Source "ChessBase"]
[SourceDate "2016.10.25"]
[SourceVersion "1"]
[SourceVersionDate "2016.10.25"]
[SourceQuality "1"]

1. e4 e5 2. Nf3 Nc6 3. Bc4 Be7 4. d3 Bf6 5. Nc3 Nge7 6. Nd5 Nxd5 7. Bxd5 Ne7 8. Bb3 d6 9. Ng5 0-0 10. 0-0 c5 11. Bc4 Nc6 12. Bd2 Bxg5 13. Bc3 Bf6 14. a3 Ne7 15. b4 b6 16. b5 Ng6 17. a4 Bb7 18. a5 bxa5 19. Bxa5 Qd7 20. Qd2 Nf4 21. Qe3 Rac8 22. Bd2 Ra8 23. c3 Bc8 24. Qg3 Ne2+ 25. Kh1 Nxg3+ 26. fxg3 Bb7 27. Ra3 d5 28. exd5 Bxd5 29. Bxd5 Qxd5 30. c4 Qd4 31. Rfa1 e4 32. Bf4 Qxa1+ 33. Rxa1 Bxa1 34. Kg1 exd3 35. Kf1 Rfe8 36. Bd2 Bd4 37. Bf4 a5 38. b6 a4 39. b7 Rab8 40. Bxb8 Rxb8 0-1

[Event "Pinneberg op Seniors 15th"]
[Site "Pinneberg"]
[Date "2014.??.??"]
[Round "5"]
[White "Sachse, Theo"]
[Black "Schaefer, Hans"]
[Result "1/2-1/2"]
[WhiteElo "1228"]
[BlackElo "977"]
[PlyCount "64"]
[EventDate "2014.07.03"]
[EventType "swiss"]
[EventRounds "7"]
[EventCountry "GER"]
[SourceTitle "EXT 2017"]
[Source "ChessBase"]
[SourceDate "2016.10.25"]
[SourceVersion "1"]
[SourceVersionDate "2016.10.25"]
[SourceQuality "1"]

1. e4 e6 2. Nc3 d6 3. Bc4 Ne7 4. d3 Nd7 5. Nf3 Ng6 6. 0-0 Be7 7. Be3 0-0 8. Qd2 c6 9. a3 Nde5 10. Nxe5 Nxe5 11. Ba2 Ng4 12. Bf4 e5 13. Bg3 Bg5 14. Qe2 Be6 15. b3 Nh6 16. Na4 b5 17. Nb2 Kh8 18. h3 f5 19. exf5 Bxf5 20. Nd1 Qe7 21. Ne3 Bxe3 22. fxe3 Qg5 23. Bh2 Rf6 24. Rf3 Raf8 25. Raf1 Bg6 26. Bg3 Rxf3 27. Rxf3 Qe7 28. Qf2 Rxf3 29. Qxf3 d5 30. b4 Qf6 31. Qe2 e4 32. dxe4 Qa1+ 1/2-1/2

[Event "Pinneberg-ch"]
[Site "Pinneberg"]
[Date "2013.09.19"]
[Round "7"]
[White "Chaichi Tehrani, Fereydoon"]
[Black "Sachse, Theo"]
[Result "1-0"]
[WhiteElo "1369"]
[BlackElo "1165"]
[PlyCount "75"]
[EventDate "2013.08.08"]
[EventType "swiss"]
[EventRounds "7"]
[EventCountry "GER"]
[SourceTitle "EXT 2017"]
[Source "ChessBase"]
[SourceDate "2016.10.25"]
[SourceVersion "1"]
[SourceVersionDate "2016.10.25"]
[SourceQuality "1"]

1. e4 e5 2. c3 Nf6 3. d3 Bc5 4. Nf3 d6 5. a4 Be6 6. b4 Bxf2+ 7. Kxf2 c6 8. h3 d5 9. exd5 Nxd5 10. Nxe5 Nxc3 11. Nxc3 Qd4+ 12. Be3 Qxc3 13. d4 Qxb4 14. Rb1 Qe7 15. Bc4 Bxc4 16. Nxc4 b6 17. Bf4 0-0 18. Re1 Qf6 19. Kg3 Nd7 20. Ne5 Nxe5 21. dxe5 Qg6+ 22. Kh2 Rad8 23. Qe2 Qf5 24. Bg3 Rfe8 25. Rf1 Qg6 26. Rb4 c5 27. Rg4 Qe6 28. Qa6 Qe7 29. Rgf4 Rf8 30. Re4 Qe6 31. Qxa7 Ra8 32. Qc7 Rfc8 33. Qd6 Qb3 34. Rf3 Qb1 35. Ref4 Rd8 36. Qe7 Rd1 37. Qxf7+ Kh8 38. Qf8+ 1-0

[Event "Pinneberg op Seniors 13th"]
[Site "Pinneberg"]
[Date "2012.08.02"]
[Round "7"]
[White "Schaefer, Hans"]
[Black "Sachse, Theo"]
[Result "0-1"]
[WhiteElo "1063"]
[BlackElo "1261"]
[PlyCount "52"]
[EventDate "2012.06.21"]
[EventType "swiss"]
[EventRounds "7"]
[EventCountry "GER"]
[SourceTitle "EXT 2013"]
[Source "ChessBase"]
[SourceDate "2012.11.22"]
[SourceVersion "1"]
[SourceVersionDate "2012.11.22"]
[SourceQuality "1"]

1. e3 d5 2. d3 Nf6 3. Ne2 e6 4. Nd2 Nc6 5. Ng3 b6 6. Be2 Bb7 7. 0-0 Bd6 8. f4 Qd7 9. Nb3 g6 10. e4 dxe4 11. Nxe4 Nxe4 12. dxe4 0-0-0 13. Be3 e5 14. Bg4 f5 15. Bf3 exf4 16. Bxf4 Bxf4 17. Qxd7+ Rxd7 18. c3 fxe4 19. Bxe4 Rf8 20. g3 Bd6 21. Rxf8+ Bxf8 22. Nd4 Nxd4 23. Bxb7+ Kxb7 24. cxd4 Rxd4 25. Rf1 Bc5 26. Rf7 Rd7+ 0-1

[Event "Pinneberg-ch"]
[Site "Pinneberg"]
[Date "2011.09.22"]
[Round "6"]
[White "Sachse, Theo"]
[Black "Hadlich, Winfried"]
[Result "0-1"]
[WhiteElo "1172"]
[BlackElo "1942"]
[PlyCount "70"]
[EventDate "2011.08.18"]
[EventType "swiss"]
[EventRounds "7"]
[EventCountry "GER"]
[SourceTitle "CBM 144 Extra"]
[Source "ChessBase"]
[SourceDate "2011.10.28"]
[SourceVersion "1"]
[SourceVersionDate "2011.10.28"]
[SourceQuality "1"]

1. e4 c5 2. g3 d5 3. exd5 Qxd5 4. Nf3 Nc6 5. Be2 Nf6 6. 0-0 g6 7. Nc3 Qd8 8. Rb1 Bg7 9. d3 0-0 10. Be3 Nd4 11. Ne4 Nxe2+ 12. Qxe2 b6 13. c3 Bg4 14. Nxf6+ Bxf6 15. Kg2 Qd5 16. a3 Qh5 17. Rh1 Bh3+ 18. Kg1 e5 19. Re1 Bg4 20. Kg2 Qh3+ 21. Kg1 c4 22. Bg5 Bxf3 23. Qxf3 Bxg5 24. Rxe5 Rae8 25. Qe2 cxd3 26. Qxd3 Rxe5 27. Qd1 Rfe8 28. f4 Re1+ 29. Qxe1 Rxe1+ 30. Kf2 Rxh1 31. fxg5 Rxh2+ 32. Kf3 Qf5+ 33. Ke3 Qxg5+ 34. Kf3 Qe5 35. Kg4 Qf5# 0-1

[Event "Pinneberg-ch"]
[Site "Pinneberg"]
[Date "2011.09.08"]
[Round "4"]
[White "Sachse, Theo"]
[Black "Kaland, Joachim"]
[Result "1-0"]
[WhiteElo "1172"]
[BlackElo "1557"]
[PlyCount "89"]
[EventDate "2011.08.18"]
[EventType "swiss"]
[EventRounds "7"]
[EventCountry "GER"]
[SourceTitle "CBM 144 Extra"]
[Source "ChessBase"]
[SourceDate "2011.10.28"]
[SourceVersion "1"]
[SourceVersionDate "2011.10.28"]
[SourceQuality "1"]

1. d4 e6 2. Nf3 d5 3. a3 Nf6 4. h3 c5 5. dxc5 Bxc5 6. e3 0-0 7. Nbd2 Bd7 8. b4 Be7 9. Bb2 a6 10. Rb1 Nc6 11. Nb3 Rc8 12. Qd3 Qc7 13. Be2 e5 14. Nh2 e4 15. Qc3 Qd8 16. Nc5 Bxc5 17. bxc5 Qe7 18. Bg4 Rfe8 19. Bxd7 Qxd7 20. Ng4 Re6 21. Rd1 h5 22. Nxf6+ Rxf6 23. Qb3 Rf5 24. 0-0 Rg5 25. h4 Rf5 26. f3 Ne7 27. fxe4 Rxf1+ 28. Kxf1 Rxc5 29. Bd4 dxe4 30. c3 Qf5+ 31. Kg1 Rb5 32. Qc2 Nd5 33. c4 Ra5 34. cxd5 Rxd5 35. Rf1 Qe6 36. a4 b5 37. axb5 axb5 38. Rf4 f5 39. Qc7 Rd7 40. Qb8+ Kh7 41. Qxb5 Rd5 42. Qb7 Rd7 43. Qb8 Qf7 44. Qe5 Rd5 45. Rxf5 1-0

[Event "Pinneberg op Seniors 12th"]
[Site "Pinneberg"]
[Date "2011.06.30"]
[Round "3"]
[White "Sachse, Theo"]
[Black "Brueckner, Gerhard"]
[Result "0-1"]
[WhiteElo "1211"]
[BlackElo "1767"]
[PlyCount "64"]
[EventDate "2011.06.16"]
[EventType "swiss"]
[EventRounds "7"]
[EventCountry "GER"]
[SourceTitle "EXT 2012"]
[Source "ChessBase"]
[SourceDate "2011.11.24"]
[SourceVersion "1"]
[SourceVersionDate "2011.11.24"]
[SourceQuality "1"]

1. e4 e5 2. Nf3 d5 3. exd5 Bg4 4. Be2 Nd7 5. c4 Bd6 6. a3 Ngf6 7. d3 0-0 8. Ng5 Bxe2 9. Qxe2 e4 10. Nc3 exd3 11. Qxd3 Re8+ 12. Be3 Ne5 13. Qf5 Nxc4 14. 0-0 Re5 15. Qd3 Nxe3 16. Nxh7 Nxh7 17. fxe3 Qe7 18. Rae1 Rh5 19. h3 Re8 20. e4 Qe5 21. Qf3 Nf6 22. b4 Rh6 23. Nd1 Rg6 24. Qc3 Qh2+ 25. Kf2 Qxg2+ 26. Ke3 Rg3+ 27. Kd4 Be5+ 28. Kc4 Qa2+ 29. Kb5 Bxc3 30. Nxc3 a6+ 31. Kc5 Rxc3+ 32. Kd4 Qc4# 0-1

[Event "Pinneberg op Seniors 11th"]
[Site "Pinneberg"]
[Date "2010.07.29"]
[Round "6"]
[White "Sagitow, Kamil"]
[Black "Sachse, Theo"]
[Result "1-0"]
[WhiteElo "1471"]
[BlackElo "1272"]
[PlyCount "93"]
[EventDate "2010.06.24"]
[EventType "swiss"]
[EventRounds "7"]
[EventCountry "GER"]
[SourceTitle "EXT 2011"]
[Source "ChessBase"]
[SourceDate "2010.11.26"]
[SourceVersion "1"]
[SourceVersionDate "2010.11.26"]
[SourceQuality "1"]

1. e4 e5 2. Nf3 Nc6 3. Nc3 Bc5 4. d3 h6 5. Nd5 Nge7 6. Ne3 d6 7. Bd2 0-0 8. c3 Bg4 9. Be2 a6 10. Nxg4 Qd7 11. h3 Ng6 12. Qc2 b5 13. 0-0-0 Qe6 14. Kb1 a5 15. g3 b4 16. c4 a4 17. Qc1 Rfb8 18. Be3 Ra5 19. Bxc5 Rxc5 20. Ne3 Nge7 21. Qd2 b3 22. a3 Qf6 23. Nd5 Nxd5 24. exd5 Nd4 25. Nxd4 exd4 26. f4 Ra8 27. Bf3 Rca5 28. Be4 R5a7 29. g4 Qh4 30. Rdg1 Rf8 31. g5 hxg5 32. Rxg5 Raa8 33. f5 f6 34. Rg4 Qh5 35. Qf2 Qe8 36. Qxd4 Kf7 37. Qf2 Qe5 38. Bg2 Qe7 39. Re4 Qd7 40. Re6 Rae8 41. Bf3 Rh8 42. Qg3 Rh6 43. Bg4 c6 44. Rxd6 Qe7 45. Re6 Qd7 46. Rxc6 Reh8 47. Rc7 1-0

[Event "Pinneberg-ch"]
[Site "Pinneberg"]
[Date "2008.09.25"]
[Round "5"]
[White "Sachse, Theo"]
[Black "Bongartz, Florian"]
[Result "0-1"]
[WhiteElo "1200"]
[BlackElo "1644"]
[PlyCount "44"]
[EventDate "2008.08.28"]
[EventType "swiss"]
[EventRounds "7"]
[EventCountry "GER"]
[SourceTitle "EXT 2011"]
[Source "ChessBase"]
[SourceDate "2010.11.26"]
[SourceVersion "1"]
[SourceVersionDate "2010.11.26"]
[SourceQuality "1"]

1. d4 Nf6 2. Nf3 e6 3. e3 Be7 4. h3 Ne4 5. Bd3 f5 6. Bxe4 fxe4 7. Ne5 0-0 8. 0-0 Nc6 9. Nxc6 bxc6 10. Nc3 d5 11. a3 Bh4 12. Qe2 a5 13. b3 Ba6 14. Qd1 Bxf1 15. Qxf1 Bxf2+ 16. Qxf2 Rxf2 17. Kxf2 Qh4+ 18. Ke2 Rf8 19. Nd1 Qg3 20. Kd2 Rf1 21. Bb2 Qe1+ 22. Kc1 Qxd1# 0-1